বাংলার নারী আন্দোলন / (Record no. 203777)
[ view plain ]
| 000 -LEADER | |
|---|---|
| fixed length control field | 00893nam a22002177a 4500 |
| 003 - CONTROL NUMBER IDENTIFIER | |
| control field | BD-DhUL |
| 005 - DATE AND TIME OF LATEST TRANSACTION | |
| control field | 20180731111824.0 |
| 008 - FIXED-LENGTH DATA ELEMENTS--GENERAL INFORMATION | |
| fixed length control field | 170601r20022010bg |||| b||| 001 0 ben |
| 020 ## - INTERNATIONAL STANDARD BOOK NUMBER | |
| International Standard Book Number | 9789848815700 |
| 040 ## - CATALOGING SOURCE | |
| Original cataloging agency | BD-DhUL |
| Transcribing agency | BD-DhUL |
| 082 ## - DEWEY DECIMAL CLASSIFICATION NUMBER | |
| Classification number | 305.42 |
| Item number | BEB |
| 100 1# - MAIN ENTRY--PERSONAL NAME | |
| Personal name | বেগম, মালেকা । |
| 245 10 - TITLE STATEMENT | |
| Title | বাংলার নারী আন্দোলন / |
| Statement of responsibility, etc. | মালেকা বেগম । |
| 260 ## - PUBLICATION, DISTRIBUTION, ETC. (IMPRINT) | |
| Place of publication, distribution, etc. | ঢাকা : |
| Name of publisher, distributor, etc. | ইউনিভার্সিটি প্রেস, |
| Date of publication, distribution, etc. | ২০০২ (২০১০) । |
| 300 ## - PHYSICAL DESCRIPTION | |
| Extent | xv, ২০৪ পৃ. ; |
| Dimensions | ২২ সেমি । |
| 365 ## - TRADE PRICE | |
| Price type code | BDT |
| Price amount | 230.00 |
| 504 ## - BIBLIOGRAPHY, ETC. NOTE | |
| Bibliography, etc | গ্রন্থপঞ্জিগত তথ্য ও নির্ঘন্ট সংবলিত । |
| 650 #0 - SUBJECT ADDED ENTRY--TOPICAL TERM | |
| Topical term or geographic name as entry element | নারী |
| General subdivision | সামাজিক অবস্থান । |
| 650 #0 - SUBJECT ADDED ENTRY--TOPICAL TERM | |
| Topical term or geographic name as entry element | Women |
| General subdivision | Social statues. |
| 942 ## - ADDED ENTRY ELEMENTS (KOHA) | |
| Source of classification or shelving scheme | |
| Koha item type | Books |
| Price effective from | Date last seen | Permanent Location | Not for loan | Date acquired | Source of classification or shelving scheme | Koha item type | Lost status | Withdrawn status | Copy number | Source of acquisition | Collection code | Damaged status | Shelving location | Barcode | Current Location | Full call number |
|---|---|---|---|---|---|---|---|---|---|---|---|---|---|---|---|---|
| 2017-06-01 | 2017-06-01 | Dhaka University Library | 2017-05-18 | Books | 1 | Purchased | Non Fiction | General Stacks | 500655 | Dhaka University Library | 305.42 BEB | |||||
| 2017-06-01 | 2017-06-01 | Dhaka University Library | 2017-05-18 | Books | 2 | Purchased | Non Fiction | General Stacks | 500656 | Dhaka University Library | 305.42 BEB | |||||
| 2017-06-01 | 2017-06-01 | Dhaka University Library | 2017-05-18 | Books | 3 | Purchased | Non Fiction | General Stacks | 500658 | Dhaka University Library | 305.42 BEB | |||||
| 2017-06-01 | 2017-06-01 | Dhaka University Library | 2017-05-18 | Books | 4 | Purchased | Non Fiction | General Stacks | 500659 | Dhaka University Library | 305.42 BEB | |||||
| 2017-11-01 | 2017-11-01 | Dhaka University Library | 0000-00-00 | Books | 5 | Purchased | Non Fiction | General Stacks | 504602 | Dhaka University Library | 305.42 BEB | |||||
| 2017-11-01 | 2017-11-01 | Dhaka University Library | 0000-00-00 | Books | 6 | Purchased | Non Fiction | General Stacks | 504603 | Dhaka University Library | 305.42 BEB | |||||
| 2018-07-31 | 2018-07-31 | Dhaka University Library | 2018-06-05 | Books | 7 | Purchased | Non Fiction | General Stacks | 505409 | Dhaka University Library | 305.42 BEB | |||||
| 2018-07-31 | 2018-07-31 | Dhaka University Library | 2018-06-05 | Books | 8 | Purchased | Non Fiction | General Stacks | 505410 | Dhaka University Library | 305.42 BEB |
